Národná poisťovňa rozdelená

Bibliographic Details
Main Author: (-kč-) (Author)
Format: Article
Language:Slovak
Subjects:

MARC

LEADER 00000nab a2200000 a 4500
001 vtls000530781
003 SK-MaSNL
005 20260305014110.0
008 120928c1994 xo 0 slo
015 |a SNBRB19rr/mm-uuuuu 
035 |a CL0530919 
040 |a SNKBUCL  |b slo  |c SNKBUCL  |e AACR2 
041 0 |a slo 
044 |a xo  |c SK 
080 |a 368.3/.4.031(437.6)  |2 1981 
080 |a 368.42/.46.031(437.6)  |2 1981 
100 1 |a (-kč-)  |4 aut  |9 996292 
245 1 0 |a Národná poisťovňa rozdelená  |c (-kč-) 
610 2 7 |a Národná poisťovňa (Slovensko)  |2 snkbucl  |9 55976 
610 2 7 |a Sociálna poisťovňa (Slovensko)  |2 snkbucl  |9 30541 
655 7 |a články z novín a časopisov  |2 snkbucl  |9 267496 
773 0 |t Odborárske spektrum  |g Roč. 5, č. 38 (1994) 
773 0 |t Príloha Odborárskeho spektra  |g Č. 38, s. 1-4 
850 |a Slovenská národná knižnica v Martine  |a MTA001 
852 |a SNK  |b KIS3GCP 
958 |a RK 
992 |a RBX 
999 |c 3267635  |d 3269565